000 00676nam a22001817a 4500
005 20251108172147.0
008 250721s9999 xx 000 0 ara d
082 1 4 _a658.404/يسر
100 1 _aإسماعيل، يسرى خضر
245 1 0 _aالجدوى الإقتصادية للمشروعات الإستثمارية /
264 1 _aالقاهرة :
_bجامعة القاهرة - التعليم المفتوح،
300 _a223ص
490 0 _aدراسات بكالوريوس التجارة في المعاملات المالية و التجارية
650 1 7 _aإدارة المشاريع
650 1 7 _aالإستثمار
942 _2ddc
_cBK
999 _c71924
_d71924